Normal view
MARC view
- BIEHL, ARTHUR T,MILLS, MARH M
Entry Personal Name
001 - CONTROL NUMBER
- control field: 58672
003 - CONTROL NUMBER IDENTIFIER
- control field: NUST
005 - DATE AND TIME OF LATEST TRANSACTION
- control field: 20210628202205.0
008 - FIXED-LENGTH DATA ELEMENTS
- fixed length control field: 210628|| aca||aabn | a|a d
040 ## - CATALOGING SOURCE
- Original cataloging agency: NUST
- Transcribing agency: NUST
100 ## - HEADING--PERSONAL NAME
- Personal name: BIEHL, ARTHUR T,MILLS, MARH M
670 ## - SOURCE DATA FOUND
- Source citation: Work cat.: (NUST): BIEHL, ARTHUR T,MILLS, MARH M, MODERN NUCLEAR TECHNOLOGY A SUVEY FOR INDUSTRY AND BUSINESS, 1960
